000
00250nam a2200097Ia 4500
008
120527s9999 xx 000 0 und d
100
_a
NARO
245
_a
Weed management using draught Animals in the TESO farming systems
260
_b
NRI
942
_c
BK
999
_c
25199
_d
25199